[Event "Nassau-ch"]
[Site "Nassau"]
[Date "2009.11.23"]
[Round "6"]
[White "McQuillan, Peter"]
[Black "Romero, Stephen"]
[Result "0-1"]
[WhiteElo "1733"]
[BlackElo "1914"]
[PlyCount "62"]
[EventDate "2009.10.19"]
[EventType "swiss"]
[EventRounds "10"]
[EventCountry "USA"]
[SourceTitle "EXT 2011"]
[Source "ChessBase"]
[SourceDate "2010.11.26"]
[SourceVersion "1"]
[SourceVersionDate "2010.11.26"]
[SourceQuality "1"]

1. e4 e6 2. d4 d5 3. Nc3 Bb4 4. e5 c5 5. a3 Bxc3+ 6. bxc3 Qa5 7. Bd2 Qa4 8. Qg4 g6 9. Kd1 b6 10. Ne2 Nc6 11. h4 Nxe5 12. Qf4 Nc4 13. h5 e5 14. hxg6 fxg6 15. Qg5 Bf5 16. Ra2 Ne7 17. dxe5 Bxc2+ 18. Kc1 Bd3 19. Nf4 Bxf1 20. Rxf1 Qb3 21. Rc2 Qxa3+ 22. Kd1 Qb3 23. Bc1 d4 24. Rh1 Rd8 25. Nxg6 Nxg6 26. Rxh7 dxc3+ 27. Ke1 Qxc2 28. Rxh8+ Nxh8 29. Qh5+ Ng6 30. Bg5 Qb1+ 31. Ke2 Qd1# 0-1

[Event "Nassau CC-ch"]
[Site "Mineola"]
[Date "2008.11.10"]
[Round "4"]
[White "Felber, Joseph J"]
[Black "McQuillan, Peter"]
[Result "1-0"]
[WhiteElo "2020"]
[BlackElo "1746"]
[PlyCount "61"]
[EventDate "2008.10.20"]
[EventType "swiss"]
[EventRounds "10"]
[EventCountry "USA"]
[SourceTitle "EXT 2010"]
[Source "ChessBase"]
[SourceDate "2010.11.25"]
[SourceVersion "1"]
[SourceVersionDate "2010.11.25"]
[SourceQuality "1"]

1. e4 Nf6 2. e5 Nd5 3. d4 d6 4. c4 Nb6 5. exd6 exd6 6. Nf3 Bg4 7. Be2 Be7 8. Nc3 0-0 9. 0-0 Nc6 10. b3 Bf6 11. Be3 d5 12. c5 Nc8 13. a3 N8e7 14. h3 Bxf3 15. Bxf3 Nf5 16. Ne2 Re8 17. Qd3 Nxe3 18. fxe3 b6 19. Rac1 Qd7 20. Nf4 Rxe3 21. Qd1 Bxd4 22. Kh1 bxc5 23. Nxd5 Re6 24. Rxc5 Rd6 25. Rxc6 Rxd5 26. Rxc7 Qd6 27. Bxd5 Qxd5 28. Qg4 g6 29. Rfxf7 Be5 30. Rxh7 Qd6 31. Qc4+ 1-0

[Event "Nassau CC-ch"]
[Site "Mineola"]
[Date "2008.10.27"]
[Round "2"]
[White "McQuillan, Peter"]
[Black "Parascandolo, Andrew"]
[Result "1-0"]
[WhiteElo "1746"]
[BlackElo "1960"]
[PlyCount "85"]
[EventDate "2008.10.20"]
[EventType "swiss"]
[EventRounds "10"]
[EventCountry "USA"]
[SourceTitle "EXT 2010"]
[Source "ChessBase"]
[SourceDate "2010.11.25"]
[SourceVersion "1"]
[SourceVersionDate "2010.11.25"]
[SourceQuality "1"]

1. e4 c5 2. Nc3 Nc6 3. f4 d6 4. Nf3 Nf6 5. Bb5 a6 6. Bxc6+ bxc6 7. 0-0 g6 8. d3 Qb6 9. e5 Nd5 10. exd6 Nxc3 11. bxc3 e6 12. Ne5 Bxd6 13. Nc4 Qc7 14. Nxd6+ Qxd6 15. Qe2 f6 16. c4 Kf7 17. Ba3 Bd7 18. Rae1 Rhe8 19. Qf2 Rab8 20. Bxc5 Qc7 21. Qh4 h5 22. Bd4 Qd8 23. g4 f5 24. Qxd8 Rexd8 25. gxh5 gxh5 26. Be5 Rb7 27. Kf2 Rg8 28. Rg1 Be8 29. Rxg8 Kxg8 30. Rg1+ Kh7 31. Ke3 c5 32. Kd2 Bc6 33. Kc3 h4 34. Bd6 h3 35. Bxc5 Rg7 36. Rxg7+ Kxg7 37. Bd4+ Kf7 38. Kb4 Ke7 39. Kc5 Bb7 40. Kb6 Bc8 41. Kc7 Bd7 42. Bc5+ Ke8 43. Bb6 1-0

[Event "Nassau CC-ch"]
[Site "Mineola"]
[Date "2007.12.10"]
[Round "9"]
[White "Stenzel, Harold G"]
[Black "McQuillan, Peter"]
[Result "1-0"]
[WhiteElo "2000"]
[BlackElo "1741"]
[PlyCount "53"]
[EventDate "2007.10.15"]
[EventType "swiss"]
[EventRounds "10"]
[EventCountry "USA"]
[SourceTitle "EXT 2009"]
[Source "ChessBase"]
[SourceDate "2008.11.26"]
[SourceVersion "1"]
[SourceVersionDate "2008.11.26"]
[SourceQuality "1"]

1. e4 Nf6 2. e5 Nd5 3. c4 Nb6 4. d4 d6 5. f4 dxe5 6. fxe5 Nc6 7. Be3 Bf5 8. Nc3 e6 9. Nf3 Bb4 10. Be2 0-0 11. 0-0 f6 12. exf6 Qxf6 13. Nb5 Rad8 14. Bg5 Qg6 15. Bxd8 Rxd8 16. Nh4 Qg5 17. Nxf5 exf5 18. d5 Qh4 19. Qc2 Bc5+ 20. Kh1 Ne7 21. g3 Qh3 22. Rf4 g5 23. Rf3 g4 24. Rd3 Ng6 25. Nxc7 Ne5 26. Rb3 Rf8 27. Ne6 1-0

[Event "Nassau CC-ch"]
[Site "Mineola"]
[Date "2007.12.03"]
[Round "8"]
[White "McQuillan, Peter"]
[Black "Sakayev, Ilya"]
[Result "1-0"]
[WhiteElo "1741"]
[BlackElo "1806"]
[PlyCount "61"]
[EventDate "2007.10.15"]
[EventType "swiss"]
[EventRounds "10"]
[EventCountry "USA"]
[SourceTitle "EXT 2009"]
[Source "ChessBase"]
[SourceDate "2008.11.26"]
[SourceVersion "1"]
[SourceVersionDate "2008.11.26"]
[SourceQuality "1"]

1. e4 c5 2. Nc3 Nc6 3. f4 e6 4. Nf3 g6 5. d4 cxd4 6. Nxd4 Bg7 7. Be3 Nge7 8. Bc4 0-0 9. 0-0 d5 10. exd5 Nxd5 11. Nxd5 exd5 12. Be2 Re8 13. Nxc6 bxc6 14. Bc5 Bxb2 15. Rb1 Bc3 16. Rb3 Bg7 17. Bf3 Bf5 18. Ra3 Bf8 19. Bxf8 Rxf8 20. g4 Qb6+ 21. Kh1 Be4 22. f5 Qc5 23. Rb3 Qxc2 24. Qe1 Bxf3+ 25. Rbxf3 Rfe8 26. Qh4 Qd2 27. fxg6 fxg6 28. Rf7 h5 29. Qf6 Qh6 30. g5 Rf8 31. gxh6 1-0

[Event "Nassau CC-ch"]
[Site "Mineola"]
[Date "2007.11.19"]
[Round "6"]
[White "Hellenschmidt, Andrew"]
[Black "McQuillan, Peter"]
[Result "1-0"]
[WhiteElo "2035"]
[BlackElo "1741"]
[PlyCount "87"]
[EventDate "2007.10.15"]
[EventType "swiss"]
[EventRounds "10"]
[EventCountry "USA"]
[SourceTitle "EXT 2009"]
[Source "ChessBase"]
[SourceDate "2008.11.26"]
[SourceVersion "1"]
[SourceVersionDate "2008.11.26"]
[SourceQuality "1"]

1. d4 Nf6 2. c4 g6 3. Nc3 Bg7 4. Nf3 0-0 5. g3 d6 6. Bg2 c6 7. 0-0 Qa5 8. e4 Qh5 9. Re1 Bg4 10. Qd3 e5 11. dxe5 dxe5 12. Nh4 g5 13. Nf5 Nbd7 14. Nxg7 Kxg7 15. f3 Be6 16. Be3 Rg8 17. Rad1 Nf8 18. Qf1 Ng6 19. b3 Kh8 20. Qf2 Nf4 21. Bxa7 Rg6 22. Bb6 Nd7 23. Be3 Rh6 24. Bf1 Rg8 25. g4 Qg6 26. Rd2 Nf6 27. Qg3 Rh4 28. h3 Kg7 29. Bxf4 exf4 30. Qf2 h5 31. Qd4 hxg4 32. fxg4 Rgh8 33. Rg2 Bxg4 34. hxg4 Rxg4 35. e5 Ng8 36. e6+ Nf6 37. e7 Qh6 38. e8Q Rxe8 39. Rxe8 f3 40. Ne4 Rxg2+ 41. Bxg2 fxg2 42. Qxf6+ Qxf6 43. Nxf6 Kxf6 44. Kxg2 1-0

[Event "Nassau CC-ch"]
[Site "Mineola"]
[Date "2007.11.05"]
[Round "4"]
[White "Acevedo, Salmir"]
[Black "McQuillan, Peter"]
[Result "1-0"]
[WhiteElo "2160"]
[BlackElo "1741"]
[PlyCount "61"]
[EventDate "2007.10.15"]
[EventType "swiss"]
[EventRounds "10"]
[EventCountry "USA"]
[SourceTitle "EXT 2009"]
[Source "ChessBase"]
[SourceDate "2008.11.26"]
[SourceVersion "1"]
[SourceVersionDate "2008.11.26"]
[SourceQuality "1"]

1. e4 Nf6 2. Qe2 e5 3. Nf3 Nc6 4. g3 Bc5 5. Bg2 d6 6. 0-0 Bg4 7. c3 Qd7 8. a4 a6 9. Na3 0-0 10. d3 Ne8 11. Be3 f5 12. h3 Bh5 13. exf5 Bxf3 14. Bxf3 Bxa3 15. Bd5+ Kh8 16. Be6 Qe7 17. Rxa3 Nd8 18. f4 Nxe6 19. fxe6 exf4 20. Bxf4 c6 21. Bg5 Rxf1+ 22. Qxf1 Nf6 23. Qf5 Re8 24. Rb3 b5 25. axb5 axb5 26. c4 Qa7+ 27. Kg2 Qa2 28. Bxf6 Qxb3 29. Bxg7+ Kxg7 30. Qf7+ Kh6 31. Qf6+ 1-0

[Event "Nassau CC-ch"]
[Site "Mineola"]
[Date "2007.10.29"]
[Round "3"]
[White "McQuillan, Peter"]
[Black "Mirabile, Tim"]
[Result "0-1"]
[WhiteElo "1741"]
[BlackElo "2221"]
[PlyCount "86"]
[EventDate "2007.10.15"]
[EventType "swiss"]
[EventRounds "10"]
[EventCountry "USA"]
[SourceTitle "EXT 2009"]
[Source "ChessBase"]
[SourceDate "2008.11.26"]
[SourceVersion "1"]
[SourceVersionDate "2008.11.26"]
[SourceQuality "1"]

1. e4 c5 2. Nc3 e6 3. Nf3 a6 4. d4 cxd4 5. Nxd4 d6 6. Be3 Nf6 7. Be2 Qc7 8. 0-0 Nc6 9. a4 Be7 10. f4 0-0 11. g4 Nxd4 12. Bxd4 e5 13. Be3 exf4 14. g5 Nxe4 15. Nd5 Qd8 16. Bb6 Qe8 17. Bf3 Bxg5 18. Re1 f5 19. Bh5 Qc6 20. a5 Bd7 21. Ra3 Rac8 22. Rxe4 fxe4 23. Rc3 Qb5 24. Be2 Qa4 25. b3 Qa3 26. Bc4 Kh8 27. Bd4 Be6 28. b4 Qxc3 29. Nxc3 Bxc4 30. Nxe4 Be7 31. Kf2 Be6 32. c3 Bf5 33. Qf3 Bh4+ 34. Kg1 Bxe4 35. Qxe4 Rc7 36. Qf3 Re7 37. Kg2 Ref7 38. c4 Kg8 39. Kh3 Bd8 40. Kg2 Bh4 41. Bc3 Re8 42. Bd4 Be1 43. Qa3 f3+ 0-1